Los principales contratos civiles y su paralelo con los comerciales / (Registro nro. 33184)

Detalles MARC
000 -CABECERA
Longitud fija campo de control 00916nam a2200241 a 4500
003 - • IDENTIFICADOR DELl NÚMERO DE CONTROL
Identificador del número de control CO-ViMGA
008 - • CÓDIGOS DE INFORMACIÓN DE LONGITUD FIJA
Códigos de información de longitud fija 141112s2004 ck r 000 u spa d
020 ## - • NÚMERO INTERNACIONAL NORMALIZADO PARA LIBROS
Número Internacional Normalizado para Libros (ISBN) 9789587072242
040 ## - FUENTE DE LA CATALOGACIÓN
Centro catalogador de origen CO-ViMGA
Lengua de catalogación spa
Centro transcriptor CO-ViMGA
082 04 - • NÚMERO DE LA CLASIFICACIÓN DECIMAL DEWEY
Número de clasificación (R) 346.861023 B65p 2012
100 1# - • PUNTO DE ACCESO PRINCIPAL-NOMBRE DE PERSONA
Nombre de persona Bonivento Fernández, José Alejandro
245 10 - • TITULO PROPIAMENTE DICHO
Título Los principales contratos civiles y su paralelo con los comerciales /
Mención de responsabilidad, etc. José Alejandro Bonivento Fernández
250 ## - • MENCIÓN DE EDICIÓN
Mención de edición 18a. ed. actualizada
300 ## - • DESCRIPCIÓN FÍSICA
Extensión xi, 837 p. ; 26 cm
500 ## - • NOTA GENERAL
Nota general Incluye índice analítico y de disposiciones
650 14 - • PUNTO DE ACCESO ADICIONAL DE MATERIA - TÉRMINO DE MATERIA
Término de materia o nombre geográfico como elemento inicial Contratos civiles - Colombia
917 ## -
-- 2012 - 6553 2 ejemplares
942 ## - ENTRADA DE ELEMENTOS AGREGADOS (KOHA)
Fuente de clasificaión o esquema Dewey Decimal Classification
Koha [por defecto] tipo de item LIbro
990 ## - EQUIVALENCIA O SECCIÓN-REFERENCIA [LOCAL, CANADA]
Enlace de información para campos 9XX 2012 - 6553 Librería Ediciones del Profesional 2 ejemplares 21 30/10/2012 a828505 30/10/2012 31/10/2012
Existencias
Perdido Fuente de clasificación o esquema Estado Físico No para préstamo Forma de adquisición Localización permanente Localización actual Fecha adquisición Serie de enumeración / cronolog&íacute;a Préstamos totales Renovaciones totales Signatura completa Código de barras Fecha última consulta Fecha último préstamo Número de copia Fecha del precio de reemplazo Tipo de item de Koha
  Dewey Decimal Classification     Sala Especializada Tercer Piso Biblioteca Pública Germán Arciniegas - Villavicencio Biblioteca Pública Germán Arciniegas - Villavicencio 12/04/2015 21/oct/2014 8 5 346.861023 B65p 2012 27226 07/26/2018 06/30/2018 Ej. 1 12/04/2015 LIbro









Instituto Departamental de Cultura del Meta - Red Departamental de Bibliotecas Públicas del Meta.